Boundary spanning leadership : six practices for solving problems,driving innovation, and transformation organizations

Bibliographic Details
Main Author: Ernst,Chris
Other Authors: Chrobot-Mason,Donna
Format: Book
Language:English
Published: New York : McGraw-Hill , 2011
Subjects:

MARC

LEADER 00000cam a2200000 7i4500
001 0000024138
005 20120110.0
008 120109s nyu eng
020 |a 9780071638876 ,   |c RM 198.00 
040 |a INS 
090 0 0 |a HD57.7   |b E76 2011 
100 1 |a Ernst,Chris 
245 1 0 |a Boundary spanning leadership :   |b six practices for solving problems,driving innovation, and transformation organizations   |c Chris Ernst and Donna Chrobot-Mason 
260 |a New York :   |b McGraw-Hill ,   |c 2011 
300 |a xxxiv,302p. :   |b ill. ;   |c 25cm. 
500 |a Includes index 
650 0 |a Leadership 
650 0 |a Organizational change 
650 0 |a Organizational effectiveness 
650 0 |a Organizational sociology 
700 1 |a Chrobot-Mason,Donna 
999 |a 1000000607   |b BOOK   |c Open Shelf   |e Default branch